000 00657nam a2200265Ia 4500
005 20260121161344.0
008 008 260114s9999 xx 000 0 eng d
020 _a9781003310655
037 _aEBOOK
040 _aCRL
040 _beng
040 _cCRL
041 _2eng
041 _aeng
084 _qCRL
100 _aA History of South Africa to 1870
_91043443
245 0 _aMonica Wilson; Leonard Thompson
260 _bTaylor and Francis
260 _c1982
650 _aAfrican Studies
_91043444
856 _uhttp://www.taylorfrancis.com/books/9781003310655
942 _cEBOOK
999 _c1610125
_d1610125